000 00577nam a2200217Ia 4500
003 OSt
005 20220925230300.0
006 a|||||r|||| 00| 0
007 ta
008 220923b |||||||| |||| 00| 0 eng d
037 _cGeneral Book
040 _aRTL
_cRTL
_beng
041 _2eng
_aeng
082 _aXxM58H:g, M8
100 _aFreeden Michael
_916241
245 0 _aJ A Hobson
_bA reader
260 _aLondon
_bUnwin Hyman
_c1988
300 _ax,212p
_ccm.
942 _hXxM58H:g, M8
_cGB
_2CC
999 _c585098
_d585098